LEADER 00826nam0 2200265 450 001 000007076 005 20090323140615.0 010 $a0-262-72040-X 100 $a20060413d1999----km-y0itay50------ba 101 0 $aeng 102 $aUS 105 $aa-------001yy 200 1 $aOligopoly pricing$eold ideas and new tools$fXavier Vives 210 $aCambridge$cThe MIT press$d1999 215 $a425 p.$cgraf. e tab.$d22 cm 500 10$aOligopoly pricing$937923 610 1 $aTeoria micro: struttura dei mercati 610 1 $aOligopoli 676 $a338.523$v19$9Prezzi. Determinazione sui mercati controllati 700 1$aVives,$bXavier$0119638 801 0$aIT$bUNIPARTHENOPE$c20090323$gRICA$2UNIMARC 912 $a000007076 951 $a022c/8$b10656$cNAVA2$d2006 996 $aOligopoly pricing$937923 997 $aUNIPARTHENOPE LEADER 01499cam0 2200337 450 001 E600200021804 005 20231124125226.0 010 $a8814132003 100 $a20061019d2006 |||||ita|0103 ba 101 $aita 102 $aIT 200 1 $aCodice amministrativo$eannotato con la giurisprudenza$eammesso alle prove scritte dell'esame di avvocato$fFrancesco Caringella, Roberto Garofoli 210 $aMilano$cGiuffrè$d2006 215 $aXVI, 3216 p.$d24 cm 225 2 $aPercorsi 410 1$1001LAEC00023283$12001 $a*Percorsi 700 1$aCaringella$b, Francesco$3AF00003949$4070$039804 701 1$aGarofoli, Roberto$3AF00010900$4070$0415495 801 0$aIT$bUNISOB$c20231124$gRICA 850 $aUNISOB 852 $aUNISOB$j340|Ita|Cod$m131737 852 $aUNISOB$j340|Ita|Cod$m131778 852 $aUNISOB$jGiurisprudenza|Ita|Cod|A|S$m131779 912 $aE600200021804 940 $aM 102 Monografia moderna SBN 941 $aM 957 $a340|Ita|Cod$b000207$gSI$d131737$racquisto$1catenacci$2UNISOB$3UNISOB$420061019062557.0$520210916083738.0$6menle 957 $a340|Ita|Cod$b000239$gSI$d131778$racquisto$1catenacci$2UNISOB$3UNISOB$420061020073454.0$520191014160908.0$6catenaccif 957 $aGiurisprudenza|Ita|Cod|A|S$b000017$gCON$d131779$hGiurisprudenzaAS$racquisto$1catenacci$2UNISOB$3UNISOB$420061020074711.0$520231124125226.0$6Spinosa$fconsultabile nell'aula studio della Facoltà di Giurisprudenza 996 $aCodice amministrativo$91779161 997 $aUNISOB